5HLuxD.jpg

KING HENRY VIII SENIOR AND PRIMARY SCHOOL LIBRARY OPAC

Planet Earth : the photographs / (Record no. 484)

000 -LEADER
fixed length control field 00564nam a22001937a 4500
005 - DATE AND TIME OF LATEST TRANSACTION
control field 20190816103148.0
008 - FIXED-LENGTH DATA ELEMENTS--GENERAL INFORMATION
fixed length control field 190816b ||||| |||| 00| 0 eng d
020 ## - INTERNATIONAL STANDARD BOOK NUMBER
International Standard Book Number 9781846073465
040 ## - CATALOGING SOURCE
Transcribing agency KH8
082 ## - DEWEY DECIMAL CLASSIFICATION NUMBER
Classification number 508.022 FOT
100 ## - MAIN ENTRY--PERSONAL NAME
Personal name Fothergill, Alastair
245 ## - TITLE STATEMENT
Title Planet Earth : the photographs /
Statement of responsibility, etc. Alastair Fothergill.
260 ## - PUBLICATION, DISTRIBUTION, ETC.
Place of publication, distribution, etc. [London?] :
Name of publisher, distributor, etc. BBC,
Date of publication, distribution, etc. 2007.
300 ## - PHYSICAL DESCRIPTION
Extent 286 p. :
Other physical details chiefly col. ill. ;
Dimensions 23 cm.
500 ## - GENERAL NOTE
General note Formerly CIP.
650 ## - SUBJECT ADDED ENTRY--TOPICAL TERM
Topical term or geographic name entry element Natural history
Form subdivision Pictorial works
650 ## - SUBJECT ADDED ENTRY--TOPICAL TERM
Topical term or geographic name entry element Nature photography;
942 ## - ADDED ENTRY ELEMENTS (KOHA)
Source of classification or shelving scheme
Koha item type Books - Non Ficton
Holdings
Withdrawn status Lost status Source of classification or shelving scheme Damaged status Not for loan Collection code Permanent Location Current Location Shelving location Date acquired Total Checkouts Full call number Barcode Date last seen Date last checked out Price effective from Koha item type
          Non-Fiction KH8 Senior School Library KH8 Senior School Library Non Fiction 2019-08-16 2 508.022 FOT 3KHSL000100247 2025-03-20 2025-03-06 2019-08-16 Books - Non Ficton

Powered By KH8 IT Dept